NFL First-Team All Pro Safetys - Statistics

General Stats
  • This quiz has been taken 188 times
    15 since last reset
  • The average score is 52 of 113
Answer Stats
Year Team Safety % Correct
2025 Ravens Kyle Hamilton
93%
2023 Ravens Kyle Hamilton
93%
2011 Steelers Troy Polamalu
93%
2010 Steelers Troy Polamalu
93%
2008 Steelers Troy Polamalu
93%
2005 Steelers Troy Polamalu
93%
2010 Ravens Ed Reed
86%
2008 Ravens Ed Reed
86%
2007 Ravens Ed Reed
86%
2006 Ravens Ed Reed
86%
2004 Ravens Ed Reed
86%
2006 Eagles Brian Dawkins
79%
2004 Eagles Brian Dawkins
79%
2002 Eagles Brian Dawkins
79%
2001 Eagles Brian Dawkins
79%
1996 Cowboys Darren Woodson
79%
1995 Cowboys Darren Woodson
79%
1994 Cowboys Darren Woodson
79%
2014 Seahawks Earl Thomas
79%
2013 Seahawks Earl Thomas
79%
2012 Seahawks Earl Thomas
79%
2022 Steelers Minkah Fitzpatrick
79%
2020 Steelers Minkah Fitzpatrick
79%
2019 Dolphins/Steelers Minkah Fitzpatrick
79%
2002 Raiders Rod Woodson
79%
2018 Chargers Derwin James
71%
2025 Bears Kevin Byard
71%
2021 Titans Kevin Byard
71%
2017 Titans Kevin Byard
71%
2023 Buccaneers Antoine Winfield Jr.
64%
2007 Colts Bob Sanders
64%
2005 Colts Bob Sanders
64%
2020 Cardinals Budda Baker
64%
1978 Cowboys Cliff Harris
64%
1977 Cowboys Cliff Harris
64%
1976 Cowboys Cliff Harris
64%
2017 Vikings Harrison Smith
64%
2001 Bears Mike Brown
64%
2024 Packers Xavier McKinney
64%
2016 Chiefs Eric Berry
57%
2015 Chiefs Eric Berry
57%
2013 Chiefs Eric Berry
57%
2021 Bills Jordan Poyer
57%
2024 Lions Kerby Joseph
57%
2003 Patriots Rodney Harrison
57%
1998 Chargers Rodney Harrison
57%
2022 49ers Talanoa Hufanga
57%
2009 Saints Darren Sharper
50%
2000 Packers Darren Sharper
50%
2018 Bears Eddie Jackson
50%
2014 Chargers Eric Weddle
50%
2011 Chargers Eric Weddle
50%
1991 Raiders Ronnie Lott
50%
1990 49ers Ronnie Lott
50%
1989 49ers Ronnie Lott
50%
1987 49ers Ronnie Lott
50%
1986 49ers Ronnie Lott
50%
2009 Cardinals Adrian Wilson
43%
2019 Jets Jamal Adams
43%
2000 Buccaneers John Lynch
43%
1999 Buccaneers John Lynch
43%
1985 Seahawks Kenny Easley
43%
1984 Seahawks Kenny Easley
43%
1983 Seahawks Kenny Easley
43%
1970 Cardinals Larry Wilson
43%
2020 Chiefs Tyrann Mathieu
43%
2015 Cardinals Tyrann Mathieu
43%
1982 Steelers Donnie Shell
36%
1980 Steelers Donnie Shell
36%
1979 Steelers Donnie Shell
36%
2016 Giants Landon Collins
36%
1998 Packers LeRoy Butler
36%
1997 Packers LeRoy Butler
36%
1996 Packers LeRoy Butler
36%
1993 Packers LeRoy Butler
36%
1992 Bills Henry Jones
29%
1974 Dolphins Jake Scott
29%
1973 Dolphins Jake Scott
29%
1999 Patriots Lawyer Milloy
29%
1975 Vikings Paul Krause
29%
2003 Cowboys Roy Williams
29%
1992 Broncos Steve Atwater
29%
1991 Broncos Steve Atwater
29%
2012 49ers Dashon Goldson
21%
1973 Dolphins Dick Anderson
21%
1972 Dolphins Dick Anderson
21%
1970 Chiefs Johnny Robinson
21%
1978 Redskins Ken Houston
21%
1975 Redskins Ken Houston
21%
1997 Steelers Carnell Lake
14%
1989 Bengals David Fulcher
14%
1988 Chiefs Deron Cherry
14%
1986 Chiefs Deron Cherry
14%
1984 Chiefs Deron Cherry
14%
1974 Bills Tony Greene
14%
1972 Eagles Bill Bradley
7%
1971 Eagles Bill Bradley
7%
1981 Bears Gary Fencik
7%
1990 Vikings Joey Browner
7%
1988 Vikings Joey Browner
7%
1987 Vikings Joey Browner
7%
1983 Redskins Mark Murphy
7%
1995 49ers Merton Hanks
7%
1982 Rams Nolan Cromwell
7%
1981 Rams Nolan Cromwell
7%
1980 Rams Nolan Cromwell
7%
1976 Bengals Tommy Casanova
7%
1977 Broncos Bill Thompson
0%
1994 Browns Eric Turner
0%
1993 Oilrs Marcus Robertson
0%
1979 Oilers Mike Reinfeldt
0%
1971 Colts Rick Volk
0%
1985 Eagles Wes Hopkins
0%
No matching quizzes found
Score Distribution
Percent of People with Each Score
Percentile by Number Answered
Your Score History
You have not taken this quiz since the last reset